003000000a220008500045001000023000002450015000233000060000385200102000987730014002001 aRincón, Héctor10aMalparidos aVol.0, núm.722 (30 Abril - 6 mayo, 2007), Página 40 aQue en Colombia el 53% de los embarazos son no deseados explica la infelicidad y la desesperanza.0 tCambio 16